000 00462nam a2200205Ia 4500
008 240510s9999 xx 000 0 und d
020 _a0000712119256
041 _aEng
082 _a519.24
082 _bH16
100 _aHARPER, W.M.
245 0 _aStatistics
250 _a2nd ed.
260 _bPlymouth, Macdonald & Evans
260 _c1971
300 _a330 p.
650 _aStatistics : Statistical application
942 _2ddc
942 _cLBK
999 _c25833
_d25833
945 _a1
_bMadushi Gamage
_c1
_dMadushi Gamage